000
00223nam a22001097a 4500
999
_c
533657
_d
533657
040
_c
dlc
082
_a
523.3
100
_a
David Whitehouse
_9
27608
245
_a
The Moon: A Biography
300
_a
312p
942
_2
ddc
_c
BK